| 000 | 00990cam a22002894a 4500 | ||
|---|---|---|---|
| 001 | 16656284 | ||
| 003 | OSt | ||
| 005 | 20230714150123.0 | ||
| 008 | 110217s2011 maua b 001 0 eng | ||
| 010 | _a 2011006524 | ||
| 020 | _a9780262016360 (pbk. : alk. paper) | ||
| 020 | _a0262016362 (pbk. : alk. paper) | ||
| 035 | _a(OCoLC)ocn703104542 | ||
| 040 |
_aDLC _cDLC _dYDX _dYDXCP _dBWX _dCDX _dDLC |
||
| 042 | _apcc | ||
| 050 | 0 | 0 |
_aHT321 _b.B78 2011 |
| 082 | 0 | 0 |
_a330.091732 _222 |
| 100 | 1 |
_aBrueckner, Jan K. _9113657 |
|
| 245 | 1 | 0 |
_aLectures on urban economics / _cJan K. Brueckner. |
| 260 |
_aCambridge, Mass. : _bMIT Press, _cc2011. |
||
| 300 |
_ax, 285 p. : _bill. ; _c23 cm. |
||
| 504 | _aIncludes bibliographical references and index. | ||
| 650 | 0 |
_aUrban economics. _924608 |
|
| 906 |
_a7 _bcbc _corignew _d1 _eecip _f20 _gy-gencatlg |
||
| 942 |
_2ddc _cBK |
||
| 999 |
_c2413 _d2413 |
||